[Event "Mittelfrank Regionalliga Nord-Ost 2223"]
[Site "Mittelfranken"]
[Date "2022.12.11"]
[Round "4.4"]
[White "Sarec, Ivica"]
[Black "Petras, Milan"]
[Result "1-0"]
[WhiteElo "2037"]
[BlackElo "1888"]
[PlyCount "115"]
[EventDate "2022.10.09"]
[EventType "team-tourn"]
[EventRounds "9"]
[EventCountry "GER"]
[SourceTitle "EXT 2024"]
[Source "ChessBase"]
[SourceDate "2023.10.10"]
[SourceVersion "1"]
[SourceVersionDate "2023.10.10"]
[SourceQuality "1"]
[WhiteTeam "Herzogenaurach II"]
[BlackTeam "Heng Postbauer"]
[WhiteTeamCountry "GER"]
[BlackTeamCountry "GER"]

1. c4 e6 2. g3 d5 3. Nf3 Nf6 4. Bg2 Be7 5. 0-0 0-0 6. d4 c6 7. Qc2 Nbd7 8. Rd1 a6 9. Nbd2 b5 10. b3 Bb7 11. Bb2 Rc8 12. c5 b4 13. a3 bxa3 14. Rxa3 Ne8 15. Bc3 Nc7 16. Ba5 Qe8 17. Bxc7 Rxc7 18. Bf1 g5 19. e3 Nb8 20. e4 f6 21. b4 Bd8 22. Re1 Bc8 23. Bd3 Qh5 24. exd5 cxd5 25. Nb3 g4 26. Nh4 Nc6 27. Qd2 f5 28. Bxa6 Bxa6 29. Rxa6 Bxh4 30. gxh4 Qxh4 31. Rxe6 Nd8 32. Qh6 Qxh6 33. Rxh6 Re7 34. Rhf6 Re1+ 35. Kg2 Rb1 36. Rxf8+ Kxf8 37. Ra3 Ke7 38. b5 f4 39. h3 f3+ 40. Kh2 h5 41. b6 Rf1 42. hxg4 hxg4 43. Ra2 Kd7 44. Kg3 Rb1 45. Na5 Rg1+ 46. Kf4 Ne6+ 47. Ke5 Re1+ 48. Kxd5 Nf4+ 49. Kc4 Rc1+ 50. Kb5 Ne2 51. c6+ Kc8 52. Ka6 g3 53. Ka7 Rb1 54. fxg3 Nxd4 55. Ka6 Ne2 56. Rd2 Rxb6+ 57. Kxb6 f2 58. Rxe2 1-0

[Event "Landesliga Nord 1920"]
[Site "Bayern"]
[Date "2019.10.20"]
[Round "1.7"]
[White "Sarec, Ivica"]
[Black "Zoeller, Bernd"]
[Result "1/2-1/2"]
[WhiteElo "2031"]
[BlackElo "1881"]
[PlyCount "68"]
[EventDate "2019.09.29"]
[EventType "team-tourn"]
[EventRounds "9"]
[EventCountry "GER"]
[SourceTitle "EXT 2021"]
[Source "ChessBase"]
[SourceDate "2020.10.23"]
[SourceVersion "1"]
[SourceVersionDate "2020.10.23"]
[SourceQuality "1"]
[WhiteTeam "Herzogenaurach"]
[BlackTeam "Klingenberg"]
[WhiteTeamCountry "GER"]
[BlackTeamCountry "GER"]

1. c4 c5 2. g3 g6 3. Bg2 Bg7 4. e3 Nf6 5. Nc3 0-0 6. Nge2 e6 7. 0-0 d6 8. d4 Qe7 9. b3 Na6 10. Bb2 Nc7 11. Rc1 Rb8 12. Qc2 b6 13. e4 Bb7 14. h3 Nd7 15. Rcd1 Rfd8 16. Kh2 a6 17. dxc5 dxc5 18. f4 Nf8 19. e5 Bxg2 20. Kxg2 Rxd1 21. Rxd1 Rd8 22. Ne4 Rxd1 23. Qxd1 Qd7 24. Qxd7 Nxd7 25. Kf3 Kf8 26. g4 Ke7 27. g5 Bf8 28. Bc3 a5 29. Nc1 h5 30. Nd3 Kd8 31. Bd2 Ne8 32. Nc3 Kc7 33. Nf2 Ng7 34. Nfe4 Nf5 1/2-1/2

[Event "Mittelfranken-chTB1 1819"]
[Site "Mittelfranken"]
[Date "2019.02.10"]
[Round "5.1"]
[White "Hofmann, Lorenz"]
[Black "Sarec, Ivica"]
[Result "0-1"]
[WhiteElo "1998"]
[BlackElo "2041"]
[PlyCount "56"]
[EventDate "2018.10.14"]
[EventType "team-tourn"]
[EventRounds "9"]
[EventCountry "GER"]
[SourceTitle "EXT 2022"]
[Source "ChessBase"]
[SourceDate "2021.10.06"]
[SourceVersion "1"]
[SourceVersionDate "2021.10.06"]
[SourceQuality "1"]
[WhiteTeam "Lauf SV"]
[BlackTeam "Herzogenaurach II"]
[WhiteTeamCountry "GER"]
[BlackTeamCountry "GER"]

1. e4 c5 2. Nf3 e6 3. d4 cxd4 4. Nxd4 Nc6 5. c4 Nf6 6. Nc3 Bc5 7. Nxc6 dxc6 8. Qxd8+ Kxd8 9. Bg5 h6 10. Bh4 e5 11. f4 exf4 12. Bxf6+ gxf6 13. 0-0-0+ Kc7 14. Be2 Rg8 15. Bf3 Be6 16. b3 Bg4 17. Kc2 Be3 18. Rde1 Bxf3 19. gxf3 Rg2+ 20. Re2 Rxe2+ 21. Nxe2 Rd8 22. Rd1 Rg8 23. a4 Rg2 24. Kd3 Rxh2 25. Rf1 h5 26. b4 h4 27. c5 h3 28. Ng1 Rh1 0-1

[Event "Oberliga Bayern 1718"]
[Site "Bayern"]
[Date "2018.02.25"]
[Round "7.7"]
[White "Sarec, Ivica"]
[Black "Oechslein, Rainer"]
[Result "1-0"]
[WhiteElo "2120"]
[BlackElo "2269"]
[PlyCount "95"]
[EventDate "2017.10.22"]
[EventType "team-tourn"]
[EventRounds "9"]
[EventCountry "GER"]
[SourceTitle "EXT 2020"]
[Source "ChessBase"]
[SourceDate "2019.10.17"]
[SourceVersion "1"]
[SourceVersionDate "2019.10.17"]
[SourceQuality "1"]
[WhiteTeam "Herzogenaurach"]
[BlackTeam "Schweinfurt"]
[WhiteTeamCountry "GER"]
[BlackTeamCountry "GER"]

1. c4 g6 2. g3 c5 3. Bg2 Bg7 4. e3 Nc6 5. Ne2 e5 6. 0-0 Nge7 7. Nbc3 0-0 8. b3 d6 9. Bb2 Be6 10. d3 d5 11. Rc1 b6 12. Qc2 Qd7 13. Rfd1 Rac8 14. cxd5 Nxd5 15. Nxd5 Bxd5 16. Bxd5 Qxd5 17. Nc3 Qe6 18. Ne4 Rcd8 19. Bc3 Rd7 20. Qe2 Rfd8 21. f3 a5 22. Kg2 Nb4 23. Nf2 h5 24. h4 Nd5 25. Bd2 Ra8 26. Rc4 Rda7 27. a4 Rd7 28. Rdc1 Rad8 29. R1c2 Ne7 30. Be1 Nf5 31. Bd2 Nd6 32. e4 Nxc4 33. dxc4 Kh7 34. Qe3 Rd6 35. Bc1 Qd7 36. Re2 Rd4 37. Rc2 Qd6 38. Re2 Qf8 39. Rc2 Bh6 40. Qxh6+ Qxh6 41. Bxh6 Kxh6 42. Rc3 Rd2 43. f4 f6 44. Kf3 Kg7 45. Ke3 Kf7 46. fxe5 fxe5 47. Nd3 Ke6 48. Kxd2 1-0

[Event "Oberliga Bayern 1718"]
[Site "Bayern"]
[Date "2018.02.04"]
[Round "6.8"]
[White "Sarec, Ivica"]
[Black "Bielmeier, Ludwig"]
[Result "0-1"]
[WhiteElo "2120"]
[BlackElo "2046"]
[PlyCount "158"]
[EventDate "2017.10.22"]
[EventType "team-tourn"]
[EventRounds "9"]
[EventCountry "GER"]
[SourceTitle "EXT 2020"]
[Source "ChessBase"]
[SourceDate "2019.10.17"]
[SourceVersion "1"]
[SourceVersionDate "2019.10.17"]
[SourceQuality "1"]
[WhiteTeam "Herzogenaurach"]
[BlackTeam "Deggendorf"]
[WhiteTeamCountry "GER"]
[BlackTeamCountry "GER"]

1. c4 e5 2. g3 d6 3. Bg2 g6 4. Nc3 Bg7 5. e4 Nc6 6. Nge2 Be6 7. d3 Qd7 8. Nd5 f5 9. 0-0 Nge7 10. Be3 0-0 11. Qd2 Rf7 12. Rac1 Raf8 13. f4 Nd4 14. b3 Nc8 15. fxe5 Nxe2+ 16. Qxe2 dxe5 17. exf5 gxf5 18. Bc5 Re8 19. Bf3 c6 20. Nc3 b6 21. Ba3 Ne7 22. Nd1 Ng6 23. Nf2 c5 24. Rce1 Rfe7 25. Qc2 Bf7 26. b4 Rc8 27. bxc5 bxc5 28. Rb1 Qd4 29. Kg2 Rd7 30. Rfd1 Qd6 31. Qa4 Qe7 32. Qa6 Rcd8 33. Rb7 Rxb7 34. Qxb7 e4 35. Qxe7 exf3+ 36. Kxf3 Nxe7 37. Bxc5 Nc6 38. Kf4 Be6 39. Rb1 Rd7 40. Rb3 Bh6+ 41. Kf3 Kf7 42. Rb2 Kf6 43. Rb1 Bf7 44. Kg2 Bh5 45. Rb3 Be2 46. Ra3 a5 47. Rb3 Ne5 48. Rb6+ Kg7 49. Rb8 Bf3+ 50. Kf1 Bd2 51. d4 Nxc4 52. Nd3 Rb7 53. Re8 Be3 54. Rxe3 Nxe3+ 55. Kf2 Bd5 56. Kxe3 Bxa2 57. Kf4 a4 58. Nb4 Bb1 59. d5 Kf7 60. Nc6 Rb5 61. Nd8+ Ke8 62. Ne6 Rb2 63. h4 Rd2 64. Ke5 Ba2 65. Nd4 Kd7 66. d6 Rd3 67. Kf4 Bb1 68. Nf3 Rxd6 69. Ne5+ Kc7 70. Bxd6+ Kxd6 71. Nc4+ Kc5 72. Na3 Bd3 73. Ke3 Kb4 74. Kxd3 Kxa3 75. Kc3 h5 76. Kc2 Kb4 77. Kb2 Kc4 78. Ka3 Kd4 79. Kxa4 Ke3 0-1

[Event "Oberliga Bayern 1718"]
[Site "Bayern"]
[Date "2017.10.22"]
[Round "1.7"]
[White "Offinger, Robert"]
[Black "Sarec, Ivica"]
[Result "1-0"]
[WhiteElo "2188"]
[BlackElo "2120"]
[PlyCount "127"]
[EventDate "2017.10.22"]
[EventType "team-tourn"]
[EventRounds "9"]
[EventCountry "GER"]
[SourceTitle "EXT 2020"]
[Source "ChessBase"]
[SourceDate "2019.10.17"]
[SourceVersion "1"]
[SourceVersionDate "2019.10.17"]
[SourceQuality "1"]
[WhiteTeam "Passau"]
[BlackTeam "Herzogenaurach"]
[WhiteTeamCountry "GER"]
[BlackTeamCountry "GER"]

1. d4 Nf6 2. Bg5 Ne4 3. Bf4 d5 4. e3 c5 5. Bd3 cxd4 6. Bxe4 dxe4 7. exd4 Nc6 8. Ne2 e5 9. dxe5 Qxd1+ 10. Kxd1 Bg4 11. Nbc3 Rd8+ 12. Kc1 Be7 13. h3 Bxe2 14. Nxe2 Kd7 15. Ng3 g5 16. Be3 Nxe5 17. Nxe4 b6 18. a4 f6 19. a5 Kc6 20. axb6 axb6 21. b3 Rhg8 22. Ra6 Nd7 23. Ng3 Ra8 24. Rxa8 Rxa8 25. Bd4 Bb4 26. Rd1 Re8 27. Nf5 Re4 28. Be3 Re8 29. Kb2 Ne5 30. c3 Bf8 31. c4 Ra8 32. Nd4+ Kd7 33. Nb5+ Kc6 34. f4 gxf4 35. Bxf4 Bc5 36. Kc3 Ng6 37. Bc1 Re8 38. b4 Bf8 39. Nd4+ Kb7 40. Rf1 Re4 41. Rxf6 Re1 42. Rf7+ Kc8 43. Bd2 Rg1 44. g4 Rg3+ 45. Rf3 Rg2 46. Be3 Be7 47. Nc6 Bd6 48. c5 bxc5 49. bxc5 Bc7 50. Kc4 Rh2 51. Bd4 Kd7 52. Nb4 Ke6 53. Re3+ Kf7 54. Nd5 Bb8 55. c6 Rc2+ 56. Rc3 Rxc3+ 57. Bxc3 Ke6 58. c7 Bxc7 59. Nxc7+ Kf7 60. Nd5 Ke6 61. Ne3 h5 62. gxh5 Nf4 63. h6 Kf7 64. h7 1-0

[Event "Landesliga Nord 1516"]
[Site "Bayern"]
[Date "2016.04.10"]
[Round "9.8"]
[White "Ley, Peter"]
[Black "Sarec, Ivica"]
[Result "1/2-1/2"]
[WhiteElo "1757"]
[BlackElo "2084"]
[PlyCount "37"]
[EventDate "2015.10.11"]
[EventType "team-tourn"]
[EventRounds "9"]
[EventCountry "GER"]
[SourceTitle "EXT 2018"]
[Source "ChessBase"]
[SourceDate "2017.10.13"]
[SourceVersion "1"]
[SourceVersionDate "2017.10.13"]
[SourceQuality "1"]
[WhiteTeam "Rottendorf"]
[BlackTeam "Herzogenaurach"]
[WhiteTeamCountry "GER"]
[BlackTeamCountry "GER"]

1. d4 Nf6 2. c4 c5 3. d5 b5 4. cxb5 a6 5. bxa6 Bxa6 6. Nc3 g6 7. g3 Bg7 8. Bg2 d6 9. Nf3 Nbd7 10. 0-0 Nb6 11. Re1 0-0 12. e4 Nfd7 13. Qc2 Qc7 14. b3 Ne5 15. Nxe5 Bxe5 16. Bb2 Rfb8 17. Nd1 Nd7 18. Bxe5 Nxe5 19. Nb2 1/2-1/2

[Event "Landesliga Nord 1516"]
[Site "Bayern"]
[Date "2015.10.11"]
[Round "1.7"]
[White "Stephan, Michael"]
[Black "Sarec, Ivica"]
[Result "1/2-1/2"]
[WhiteElo "1991"]
[BlackElo "2084"]
[PlyCount "108"]
[EventDate "2015.10.11"]
[EventType "team-tourn"]
[EventRounds "9"]
[EventCountry "GER"]
[SourceTitle "EXT 2018"]
[Source "ChessBase"]
[SourceDate "2017.10.13"]
[SourceVersion "1"]
[SourceVersionDate "2017.10.13"]
[SourceQuality "1"]
[WhiteTeam "Forchheim II"]
[BlackTeam "Herzogenaurach"]
[WhiteTeamCountry "GER"]
[BlackTeamCountry "GER"]

1. e4 d5 2. exd5 Qxd5 3. Nc3 Qd6 4. Bc4 Nf6 5. Nge2 Bg4 6. d4 c6 7. f3 Bf5 8. Bg5 Nbd7 9. Qd2 Nb6 10. Bb3 h6 11. Bh4 a5 12. a3 a4 13. Ba2 e6 14. Ng3 Bg6 15. Bxf6 gxf6 16. Nce4 Qd8 17. 0-0-0 h5 18. Kb1 Nd5 19. Rhe1 h4 20. Ne2 Be7 21. c4 Nb6 22. Nf4 Bf5 23. Ka1 Qc7 24. d5 cxd5 25. cxd5 Bxe4 26. Rxe4 Rd8 27. dxe6 Rxd2 28. exf7+ Kd7 29. Rxd2+ Bd6 30. Be6+ Kc6 31. Rc2+ Bc5 32. Nd3 Qxh2 33. Rxc5+ Kd6 34. Rg5 fxg5 35. Ba2 Qg1+ 36. Re1 Qxg2 37. Re8 Qf1+ 38. Bb1 Qxf3 39. Rxh8 Qxf7 40. Rh6+ Kc7 41. Nc5 Qd5 42. Rh7+ Kd6 43. Ne4+ Ke5 44. Nxg5 Qh1 45. Rxh4 Qc1 46. Nf3+ Kf6 47. Rb4 Nc4 48. Ka2 b5 49. Nd4 Nxa3 50. bxa3 Qd2+ 51. Nc2 Qc3 52. Nd4 Qd2+ 53. Nc2 Qc3 54. Nd4 Qd2+ 1/2-1/2

[Event "Pula op 29th"]
[Site "Pula"]
[Date "2015.06.19"]
[Round "8"]
[White "Sarec, Ivica"]
[Black "Beletic, Daniel"]
[Result "1-0"]
[WhiteElo "2065"]
[BlackElo "2309"]
[PlyCount "55"]
[EventDate "2015.06.13"]
[EventType "swiss"]
[EventRounds "9"]
[EventCountry "CRO"]
[SourceTitle "CBM 167 Extra"]
[Source "ChessBase"]
[SourceDate "2015.09.14"]
[SourceVersion "1"]
[SourceVersionDate "2015.09.14"]
[SourceQuality "1"]

1. c4 e5 2. g3 Nf6 3. Bg2 Nc6 4. Nc3 Bc5 5. e3 0-0 6. Nge2 Re8 7. 0-0 a6 8. a3 d6 9. b4 Ba7 10. Bb2 Bf5 11. d3 Qd7 12. Nd5 Nxd5 13. cxd5 Ne7 14. Re1 Bh3 15. Bh1 Ng6 16. Nc3 f5 17. Rc1 Rf8 18. Rc2 Rae8 19. Qc1 f4 20. Ne4 Qf5 21. exf4 Nxf4 22. gxf4 exf4 23. Bf3 Bg4 24. Rxc7 Bxf3 25. Rxg7+ Kh8 26. Rg5+ Re5 27. Rxf5 Rfxf5 28. Qc8+ 1-0

[Event "Landesliga Nord 1112"]
[Site "Bayern"]
[Date "2012.04.15"]
[Round "9.6"]
[White "Wulfmeyer, Johannes"]
[Black "Sarec, Ivica"]
[Result "1/2-1/2"]
[WhiteElo "2143"]
[BlackElo "2053"]
[PlyCount "44"]
[EventDate "2011.10.02"]
[EventType "team-tourn"]
[EventRounds "9"]
[EventCountry "GER"]
[SourceTitle "EXT 2015"]
[Source "ChessBase"]
[SourceDate "2014.11.20"]
[SourceVersion "1"]
[SourceVersionDate "2014.11.20"]
[SourceQuality "1"]
[WhiteTeam "Nuernberg NT II"]
[BlackTeam "Puschendorf"]
[WhiteTeamCountry "GER"]
[BlackTeamCountry "GER"]

1. c4 Nf6 2. g3 c5 3. Bg2 g6 4. Nc3 Nc6 5. Nf3 e5 6. 0-0 Bg7 7. e3 0-0 8. d4 d6 9. h3 a6 10. dxc5 dxc5 11. Qe2 Qc7 12. Rd1 Ne7 13. b3 Rb8 14. Bb2 Bd7 15. Rd2 Bc6 16. Rad1 Rbe8 17. Nd5 Nexd5 18. cxd5 Bb5 19. Qe1 e4 20. d6 Qa5 21. Ng5 Bc6 22. h4 Nd7 1/2-1/2

[Event "Landesliga Nord 1112"]
[Site "Bayern"]
[Date "2012.02.26"]
[Round "7.5"]
[White "Sarec, Ivica"]
[Black "Kreuzer, Helmut"]
[Result "1-0"]
[WhiteElo "2053"]
[BlackElo "2090"]
[PlyCount "107"]
[EventDate "2011.10.02"]
[EventType "team-tourn"]
[EventRounds "9"]
[EventCountry "GER"]
[SourceTitle "EXT 2015"]
[Source "ChessBase"]
[SourceDate "2014.11.20"]
[SourceVersion "1"]
[SourceVersionDate "2014.11.20"]
[SourceQuality "1"]
[WhiteTeam "Puschendorf"]
[BlackTeam "Kelheim"]
[WhiteTeamCountry "GER"]
[BlackTeamCountry "GER"]

1. c4 c6 2. g3 d5 3. Bg2 Nf6 4. Nf3 e6 5. 0-0 Be7 6. b3 b5 7. Qc2 Nbd7 8. Bb2 0-0 9. d3 a5 10. Nbd2 a4 11. Rac1 a3 12. Ba1 Bb7 13. e4 Nc5 14. exd5 cxd5 15. d4 Nce4 16. c5 b4 17. Ne5 Qc7 18. Rfe1 Bc6 19. Nxe4 Nxe4 20. Nxc6 Qxc6 21. Rxe4 dxe4 22. Bxe4 Qd7 23. Bxa8 Rxa8 24. Qd2 Rb8 25. f3 h6 26. Rc4 Qb7 27. Kg2 Kf8 28. h4 Qb5 29. Qf4 Rd8 30. Qe4 Kg8 31. Kh3 Bf8 32. g4 Be7 33. Qe1 Rb8 34. Qe5 Bf6 35. Qe3 Qc6 36. g5 hxg5 37. hxg5 Be7 38. Kg2 Qd5 39. g6 fxg6 40. Qe5 Rb7 41. c6 Qxe5 42. dxe5 Rc7 43. Bd4 g5 44. Bb6 Rc8 45. Kg3 Kf7 46. Kg4 Kg6 47. c7 Kf7 48. Be3 g6 49. Bxg5 Bxg5 50. Kxg5 Kg7 51. f4 Kf7 52. Rxb4 Rxc7 53. Ra4 Rc2 54. Ra7+ 1-0

[Event "Oberliga Bayern 1011"]
[Site "Germany"]
[Date "2011.04.10"]
[Round "9.7"]
[White "Schueller, Ernst"]
[Black "Sarec, Ivica"]
[Result "0-1"]
[WhiteElo "2147"]
[BlackElo "2053"]
[PlyCount "116"]
[EventDate "2010.10.10"]
[EventType "team-tourn"]
[EventRounds "9"]
[EventCountry "GER"]
[SourceTitle "EXT 2012"]
[Source "ChessBase"]
[SourceDate "2011.11.24"]
[SourceVersion "1"]
[SourceVersionDate "2011.11.24"]
[SourceQuality "1"]
[WhiteTeam "Passau"]
[BlackTeam "Puschendorf"]
[WhiteTeamCountry "GER"]
[BlackTeamCountry "GER"]

1. Nf3 c5 2. e4 e6 3. b3 Nc6 4. Bb2 a6 5. a4 Nf6 6. e5 Nd5 7. Na3 Be7 8. g3 0-0 9. Bg2 d6 10. exd6 Qxd6 11. Nc4 Qc7 12. a5 Bf6 13. Bxf6 Nxf6 14. 0-0 Bd7 15. Re1 Rad8 16. c3 h6 17. Qc1 Rfe8 18. Qa3 Ne7 19. Nce5 Ned5 20. Nd3 Rc8 21. c4 Ne7 22. Nde5 Nf5 23. h4 Red8 24. g4 Ne7 25. d4 Be8 26. dxc5 Qxc5 27. Qxc5 Rxc5 28. b4 Rcc8 29. Rad1 Ba4 30. Rxd8+ Rxd8 31. g5 Nh5 32. Bf1 Bc6 33. b5 axb5 34. cxb5 Bd5 35. Rc1 f6 36. gxf6 gxf6 37. Rc7 fxe5 38. Nxe5 Nf5 39. Bd3 Nf4 40. Bxf5 exf5 41. Nd7 Nh5 42. a6 bxa6 43. bxa6 Re8 44. Kf1 Re6 45. a7 Ra6 46. Ke2 Ra3 47. Kd2 Be4 48. Kc1 Ra2 49. f4 Kf7 50. Nb6+ Kg6 51. Re7 Nxf4 52. Rxe4 fxe4 53. a8Q Rxa8 54. Nxa8 Nd5 55. Kd2 Kf5 56. Ke2 h5 57. Kf2 Kf4 58. Kf1 Kg3 0-1

[Event "Oberliga Bayern 1011"]
[Site "Germany"]
[Date "2011.03.20"]
[Round "8.7"]
[White "Sarec, Ivica"]
[Black "Keller, Manfred"]
[Result "1/2-1/2"]
[WhiteElo "2053"]
[BlackElo "2139"]
[PlyCount "38"]
[EventDate "2010.10.10"]
[EventType "team-tourn"]
[EventRounds "9"]
[EventCountry "GER"]
[SourceTitle "EXT 2012"]
[Source "ChessBase"]
[SourceDate "2011.11.24"]
[SourceVersion "1"]
[SourceVersionDate "2011.11.24"]
[SourceQuality "1"]
[WhiteTeam "Puschendorf"]
[BlackTeam "Pang/Rosenheim"]
[WhiteTeamCountry "GER"]
[BlackTeamCountry "GER"]

1. c4 e6 2. g3 d5 3. Bg2 Nf6 4. Nf3 Be7 5. 0-0 0-0 6. b3 c5 7. Bb2 Nc6 8. d3 b6 9. e3 Bb7 10. Qe2 Qc7 11. Nc3 dxc4 12. dxc4 Rad8 13. Rad1 a6 14. Rd2 Rxd2 15. Nxd2 Rd8 16. Rd1 Na7 17. f3 Bc6 18. Nf1 Rxd1 19. Qxd1 Qd7 1/2-1/2

[Event "Landesliga Nord 0910"]
[Site "Bayern"]
[Date "2010.02.28"]
[Round "7.7"]
[White "Sarec, Ivica"]
[Black "Stoeckl, Stephan"]
[Result "1/2-1/2"]
[WhiteElo "2038"]
[BlackElo "2046"]
[PlyCount "80"]
[EventDate "2009.10.18"]
[EventType "team-tourn"]
[EventRounds "9"]
[EventCountry "GER"]
[SourceTitle "EXT 2011"]
[Source "ChessBase"]
[SourceDate "2010.11.26"]
[SourceVersion "1"]
[SourceVersionDate "2010.11.26"]
[SourceQuality "1"]
[WhiteTeam "Puschendorf"]
[BlackTeam "Schwandorf"]
[WhiteTeamCountry "GER"]
[BlackTeamCountry "GER"]

1. c4 Nf6 2. Nf3 e6 3. d4 b6 4. g3 Ba6 5. Qa4 c5 6. Bg2 Bb7 7. 0-0 Na6 8. Nc3 Qc8 9. Bf4 Bc6 10. Qd1 cxd4 11. Nb5 Bc5 12. Nd6+ Bxd6 13. Bxd6 Nc5 14. Qxd4 Nce4 15. Ba3 Nc5 16. b4 Nce4 17. Ne5 d5 18. Rac1 Qb7 19. b5 Bd7 20. cxd5 exd5 21. Nc6 Rc8 22. f3 Nc5 23. Bxc5 bxc5 24. Qxc5 Bxc6 25. bxc6 Qb6 26. Bh3 Rc7 27. Qxb6 axb6 28. Rb1 Rxc6 29. Rfc1 Rxc1+ 30. Rxc1 0-0 31. Bc8 Rd8 32. Rc6 Kf8 33. Ba6 Rb8 34. a4 Ke7 35. Kf2 Nd7 36. Bb5 Rb7 37. e4 dxe4 38. fxe4 Nc5 39. Ke3 Ra7 40. Rxb6 Nxa4 1/2-1/2

[Event "Landesliga Nord 0910"]
[Site "Bayern"]
[Date "2009.11.15"]
[Round "2.7"]
[White "Siegert, Wolfgang"]
[Black "Sarec, Ivica"]
[Result "1/2-1/2"]
[WhiteElo "1938"]
[BlackElo "2038"]
[PlyCount "104"]
[EventDate "2009.10.18"]
[EventType "team-tourn"]
[EventRounds "9"]
[EventCountry "GER"]
[SourceTitle "EXT 2011"]
[Source "ChessBase"]
[SourceDate "2010.11.26"]
[SourceVersion "1"]
[SourceVersionDate "2010.11.26"]
[SourceQuality "1"]
[WhiteTeam "Kulmbach"]
[BlackTeam "Puschendorf"]
[WhiteTeamCountry "GER"]
[BlackTeamCountry "GER"]

1. d4 Nf6 2. Bf4 d5 3. e3 e6 4. c3 c5 5. Bd3 Qb6 6. Qb3 c4 7. Qxb6 axb6 8. Bc2 b5 9. Bxb8 Rxb8 10. a3 Ra8 11. Ne2 b4 12. cxb4 Bxb4+ 13. Nbc3 Bd7 14. 0-0 Be7 15. a4 0-0 16. Rfb1 Bc6 17. b4 cxb3 18. Rxb3 Ra5 19. Bd3 Rfa8 20. Rab1 Ne8 21. Bb5 Nd6 22. Bxc6 bxc6 23. Rb8+ Bf8 24. g3 Nc4 25. Nf4 g6 26. Nd3 Kg7 27. Rxa8 Rxa8 28. Rb7 Bd6 29. Kg2 Rc8 30. Kf1 Rc7 31. Rxc7 Bxc7 32. Nb4 Na5 33. Ke2 e5 34. Kd3 Bd6 35. Nba2 h5 36. e4 exd4 37. Kxd4 Nb3+ 38. Kd3 Nc5+ 39. Ke3 dxe4 40. Nxe4 Be7 41. a5 Na6 42. Nd2 Kf6 43. f4 Ke6 44. h3 Bc5+ 45. Ke4 Bf2 46. g4 hxg4 47. hxg4 f5+ 48. gxf5+ gxf5+ 49. Kf3 Be1 50. Nc4 Kd5 51. Ne3+ Ke6 52. Nc4 Kd5 1/2-1/2

[Event "Nuremberg LGA Cup 6th"]
[Site "Nuremberg"]
[Date "2009.09.06"]
[Round "6"]
[White "Sarec, Ivica"]
[Black "Puehn, Georg"]
[Result "1-0"]
[WhiteElo "2060"]
[BlackElo "1954"]
[PlyCount "54"]
[EventDate "2009.09.03"]
[EventType "swiss"]
[EventRounds "7"]
[EventCountry "GER"]
[SourceTitle "CBM 132 Extra"]
[Source "ChessBase"]
[SourceDate "2009.11.03"]
[SourceVersion "1"]
[SourceVersionDate "2009.11.03"]
[SourceQuality "1"]

1. c4 e6 2. Nf3 d5 3. e3 Nf6 4. Nc3 c6 5. d4 Nbd7 6. Qc2 Bd6 7. Bd3 dxc4 8. Bxc4 b5 9. Be2 Bb7 10. a3 a6 11. e4 e5 12. Bg5 h6 13. Bh4 Qe7 14. Rd1 0-0 15. dxe5 Nxe5 16. Nd4 g6 17. 0-0 c5 18. Nf3 g5 19. Nxg5 hxg5 20. Bxg5 Ng6 21. f4 Bxf4 22. Bxf4 Nxe4 23. Nxe4 Bxe4 24. Bd3 Bxd3 25. Qxd3 Rfd8 26. Bd6 Qe6 27. Qf3 Rd7 1-0